000 00895cab a2200241 4500
001 ABS50527
008 090401t1994 xxu||||| |||| 00| 0 eng d
035 _a(Sirsi) u76343
041 _aeng
100 _aBriffett, C.
245 3 _aAn evaluation of postgraduate management education for project and property managers
260 _c1994
350 _a0
490 _aProperty Management
_v12(1) 1994, 16-25(10)
520 _aOutlines the design and development of two MSc courses for project and property managers in Singapore. Makes an evaluation of the experience gained through five years of operation and proposes the nature of future changes.
650 _aCAREERS, EDUCATION AND TRAINING
650 _aMANAGEMENT-PROJECT MANAGEMENT
650 _aProperty management
_96262
650 _aSINGAPORE
690 _aProject management
_96261
942 _n0
948 _c04/03/1997
999 _c48036
_d48036